| 000 | 01815ngm a22004090a 4500 | ||
|---|---|---|---|
| 001 | PT58498 | ||
| 003 | AR-LpoUNG | ||
| 005 | 20210202000125.0 | ||
| 007 | vd cvaizq | ||
| 008 | 191001s2007||||ag |||||||||||||||||spa d | ||
| 040 |
_aAR-LpoUNG _bspa _cAR-LpoUNG _eaacr |
||
| 041 | _aspa | ||
| 044 | _aag | ||
| 082 | 0 | _a980 617sig | |
| 100 | 1 |
_aBirri, Fernando _edir. |
|
| 245 | 1 | 3 | _aEl siglo del viento |
| 260 |
_aBuenos Aires : _bCine Ojo, _c2007. |
||
| 300 | _aDVD (90 min.) : son., col. | ||
| 505 | 0 | _aHecha en 1999. Guión: Fernando Birri, Eduardo Galeano. Fotografía: Martín Solá. Montaje: Elke Schloo. Cámara: Libio Pensavalle, Udo Alberts. Sonido: Dante Amoroso. Productores: Y. Roucco, M. Céspedes, D. Ziegert. | |
| 520 | _aLas varias muertes y resurrecciones de Miguel Mármol, militante salvadoreño, simbolizan las de un continente que se empeña en vivir, mientras imágenes de archivo y los muñecos de Walter Tournier ilustran y comentan los hechos. Basado en el tercer tomo de las Memorias del fuego de Eduardo Galeano. Las varias muertes y resurrecciones de Miguel Mármol, militante salvadoreño, simbolizan las de un continente que se empeña en vivir, mientras imágenes de archivo y los muñecos de Walter Tournier ilustran y comentan los hechos. Basado en el tercer tomo de las Memorias del fuego de Eduardo Galeano. | ||
| 650 | 4 | _aAMERICA LATINA | |
| 650 | 4 | _aASPECTOS POLITICOS | |
| 650 | 4 | _aCONDICIONES SOCIALES | |
| 650 | 4 | _aCONSECUENCIAS ECONOMICAS | |
| 650 | 4 | _aCULTURA | |
| 650 | 4 | _aFACTORES CULTURALES | |
| 650 | 4 | _aHISTORIA | |
| 650 | 4 | _aIDENTIDAD CULTURAL | |
| 650 | 4 | _aPOLITICA | |
| 650 | 4 | _aPROBLEMAS SOCIALES | |
| 653 | _aCINE ARGENTINO | ||
| 653 | _aDOCUMENTALES | ||
| 653 | _aDVD | ||
| 653 | _aVIDEOS | ||
| 905 | _a58498 | ||
| 942 | _cDVD | ||
| 999 |
_c54164 _d54164 |
||